The chemical physics of ice
Αποθηκεύτηκε σε:
| Κύριος συγγραφέας: | |
|---|---|
| Μορφή: | Βιβλίο |
| Γλώσσα: | English |
| Δημοσίευση: |
London :
Cambridge University Press,
1970
|
| Σειρά: | Cambridge monographs on physics
|
| Θέματα: | |
| Ετικέτες: |
Προσθήκη ετικέτας
Δεν υπάρχουν, Καταχωρήστε ετικέτα πρώτοι!
|
MARC
| LEADER | 00000cam a2200000 i 4500 | ||
|---|---|---|---|
| 001 | 1/36799 | ||
| 008 | 941103s1970 eng d | ||
| 020 | |a 0521075971 | ||
| 035 | |l 10040334 | ||
| 035 | |a 1988 | ||
| 040 | |a GR-MY-UA |b gre |e aacr | ||
| 041 | 0 | |a eng | |
| 082 | 0 | |a 530.41 | |
| 100 | 1 | |a Fletcher, Neville H. |q (Neville Horner) | |
| 245 | 1 | 4 | |a The chemical physics of ice / |c [by] N. H. Fletcher |
| 260 | |a London : |b Cambridge University Press, |c 1970 | ||
| 300 | |a xi, 271 p., 3 plates; |b illus; |c 23 cm. | ||
| 490 | 1 | |a Cambridge monographs on physics | |
| 504 | |a Bibliography: p. 247-263 | ||
| 650 | 0 | 0 | |a Ice. |
| 650 | 0 | 0 | |a Ice crystals. |
| 830 | 0 | |a Cambridge monographs on physics | |
| 852 | |a INST |b SAMOS |e 19941103 |h 530.41 FLE |p 005300000841 |q 005300000841 |t BK |y 0 | ||
| 909 | |a Σ |b 009564 | ||